000
00287nam a22001337a 4500
003
SGT
082
_a
641.3
_b
S13L
100
_a
LAWLESS, HARRY T.
245
_a
SENSORY EVALUATION OF FOOD
250
_a
2ND
260
_a
INDIA
_b
SPRINGER PUB.
_c
2016
300
_a
596
942
_2
ddc
_c
BK
999
_c
12088
_d
12088